Dopady podpory inovácií – prípadová štúdia bakalárska práca

Saved in:
Bibliographic Details
Main Author: Kosťovová, Mária
Corporate Author: Národohospodárska fakulta EU. Katedra verejnej správy a regionálneho rozvoja
Other Authors: Szitásiová, Valéria, 1987-
Format: Book
Language:Slovak
Published: Bratislava 2017
Tags: Add Tag
No Tags, Be the first to tag this record!

MARC

LEADER 00000nbm a2200000 4500
001 0245970
005 20181213140009.6
041 0 |a slo 
044 |a SK 
245 1 0 |a Dopady podpory inovácií – prípadová štúdia  |b bakalárska práca  |c Mária Kosťovová ; školiteľ: Valéria Némethová 
264 1 |a Bratislava  |c 2017 
300 |a 42 s. 
100 1 |a Kosťovová, Mária 
700 1 |a Szitásiová, Valéria, 1987- 
710 2 |a Národohospodárska fakulta EU. Katedra verejnej správy a regionálneho rozvoja